000 00303nam a22001337a 4500
008 171016b xxu||||| |||| 00| 0 eng d
020 _a0314852883
041 _aeng
080 _a33
100 _a52
101 _aECO
245 _aCONTRMPORARY ECONOMIC SYSTEMS
_cPICKEERSGILL.G.M
942 _2udc
_cBK
999 _c34055
_d34055